01005nam a2200241Ia 4500003000900000008004100009020001800050040001600068080001200084111007600096245022000172260003800392300001600430650003500446650001800481650004100499650003500540700002700575710004100602942000700643999001700650952009600667IN-BaIIA211028s9999 xx 000 0 eng d a981-02-1514-2 cIIA Library a52bFRO aWorkshop on Frontiers of AstronomycChinad1992 Oct. 30 - Nov. 6918904 0aFrontiers of astronomy in 1990sbproceedings of a workshop on frontiers of astronomy in 1990s held in Beijing, P. R. China, 30 October-6 November 1992cedited by Li. Qibin  aSingaporebWorld Scientificc1993 axiii, 217p. aAstronomical instruments94304 aAstronomy980 aAstronomy and astrophysics thesaurus aHigh energy astrophysics95354 aQibin, Li., ed.918905 aUnited Laboratory for Optical918906 cBK c11039d11039 00104070aBANbBANcGENd1994-04-20l0o52/ FROp11952r2021-11-05w1994-04-20yBK 76.00